| 000 | 00641nam a22001817a 4500 | ||
|---|---|---|---|
| 005 | 20240430152314.0 | ||
| 010 | _aENG-140051 | ||
| 020 |
_a9789382524625 _c595.00 |
||
| 035 | _aEN-123583 | ||
| 037 | _bDBAD | ||
| 082 | _a333.91320954 | ||
| 100 |
_aNegi, G.C.S _965256 |
||
| 245 |
_aImpacts of Hydrppower Projects In The Himalaya: _bA Pilot Study in Bhagirathi River Basin in Uttrakhand, India/ _cBy G.C.S Negi |
||
| 260 |
_aNew Delhi _bThe Book Line _c2017 |
||
| 270 |
_a106,4787/23, Ist Floor,Ansari Road,Daryaganj _bNew Delhi _e110002 |
||
| 300 |
_a123p. _c22Cm(Hb) _bIllestration |
||
| 942 |
_2ddc _cEN _h333.91320954 _mNEG |
||
| 999 |
_c202430 _d202430 |
||